エクスポート完了 — 

Thông lệ và chuẩn mực kế toán quốc tế

保存先:
書誌詳細
第一著者: Nguyễn Đình Đỗ
フォーマット: 図書
言語:Undetermined
出版事項: H. Xây Dựng 2002
主題:
タグ: タグ追加
タグなし, このレコードへの初めてのタグを付けませんか!
Thư viện lưu trữ: Trung tâm Học liệu Trường Đại học Cần Thơ
LEADER 00516nam a2200181Ia 4500
001 CTU_54421
008 210402s9999 xx 000 0 und d
020 |b 18000 
082 |a 657 
082 |b Đ450 
100 |a Nguyễn Đình Đỗ 
245 0 |a Thông lệ và chuẩn mực kế toán quốc tế 
245 0 |c Nguyễn Đình Đỗ 
260 |a H. 
260 |b Xây Dựng 
260 |c 2002 
650 |a accounting 
980 |a Trung tâm Học liệu Trường Đại học Cần Thơ